| 000 | 00570cam a22001817a 4500 | ||
|---|---|---|---|
| 008 | 180718b2005 xxu||||| |||| 00| 0 eng d | ||
| 020 | _a0631218610 | ||
| 082 | _aI5 H638 | ||
| 245 |
_aThe Blackwell handbook of strategic management _cedited by Michael A. Hitt, R. Edward Freeman and Jeffrey S. Harrison |
||
| 260 |
_aOxford _bBlackwell _c2005 |
||
| 300 | _a716p. | ||
| 440 | _aHandbooks in management | ||
| 650 | _aStrategic planning | ||
| 650 | _aTeams in workplace | ||
| 700 | _aHarrison, Jeffrey S. | ||
| 700 | _aFreeman, R. Edward | ||
| 700 | _aHitt, Michael A. | ||
| 999 |
_c404476 _d404476 |
||